000 00354nam a2200133 i 4500
001 bg
100 1 _aLEWANDOWSKI, S.
245 0 _aZachowanie się materiałów termoizolacyjnych w przegrodach budowlanych /
_cS.Lewandowski.
260 _aWarszawa,
_c1988.
040 _cBPK
041 _apol
942 _cKS
008 s pl f |000 0 pol
999 _c28716
_d28716
856 _uhttp://koha.tu.koszalin.pl/cgi-bin/koha/opac-detail.pl?biblionumber=28716
_yKatalog online BPK